Modelación de la cuenca hidrografica del rio cevicos para una gestion integral / (Registro nro. 21762)

Detalles MARC
000 -LEADER
fixed length control field 03269nam a22003137a 4500
003 - CONTROL NUMBER IDENTIFIER
control field DO-CoUTE
005 - DATE AND TIME OF LATEST TRANSACTION
control field 20260204212647.0
008 - FIXED-LENGTH DATA ELEMENTS--GENERAL INFORMATION
fixed length control field 220630b dr ||||| |||| 00| 0 spa d
040 ## - CATALOGING SOURCE
Original cataloging agency DO-CoUTE
Language of cataloging spa
Transcribing agency DO-CoUTE
041 ## - LANGUAGE CODE
Language code of text/sound track or separate title spa
092 ## - LOCALLY ASSIGNED DEWEY CALL NUMBER (OCLC)
Classification number ING 2020 S15
100 1# - MAIN ENTRY--PERSONAL NAME
Personal name Sánchez Reynoso, Lisset Nicol
Relator term sustentantes
245 1# - TITLE STATEMENT
Title Modelación de la cuenca hidrografica del rio cevicos para una gestion integral /
Statement of responsibility, etc. Lisset Nicol Sánchez Reynoso, Laura María Rodríguez Peña, Sisley Orquídea Guzmán Francisco ; asesor Yenny Altagracia Rodríguez Encarnación, Sumara del Carmen Borromé de Real
260 ## - PUBLICATION, DISTRIBUTION, ETC.
Place of publication, distribution, etc. Cotuí, República Dominicana :
Name of publisher, distributor, etc. UTECO,
Date of publication, distribution, etc. 2020
300 ## - PHYSICAL DESCRIPTION
Extent xx, 73 hojas :
Other physical details Fotos ;
Dimensions 29cm.
Accompanying material + 1 CD-ROM
502 ## - DISSERTATION NOTE
Dissertation note Trabajo de grado (Licenciatura en Ingeniería Civil)--Universidad Tecnológica del Cibao Oriental, 2020.
504 ## - BIBLIOGRAPHY, ETC. NOTE
Bibliography, etc. note Incluye referencia bibliográfica e índice <br/>
505 ## - FORMATTED CONTENTS NOTE
Formatted contents note Índice -- declaración de autoría -- agradecimientos -- dedicatorias--resumen -- Capítulo I: Introducción -- Capítulo II: Revisión de literatura -- Capítulo III: Metodología -- Capítulo IV: Presentación de los resultados -- Capítulo V: Discusión y análisis de los resultados
520 ## - SUMMARY, ETC.
Summary, etc. El agua es esencial para la vida humana por lo que a nivel mundial existe una mayor preocupación ante la limitación de las reservas existentes y el agotamiento progresivo de los recursos naturales, muchas veces mal gestionado frente a la creciente demanda de la humanidad.<br/><br/>Esta investigación fue realizada en la cuenca del Río Cevicos, el objetivo de este proyecto es, modelar la cuenca del río Cevicos para conocer el impacto de las actividades antrópicas en la calidad de las aguas superficiales y subterráneas y proponer una alternativa para la gestión integral.<br/><br/>Los métodos utilizados en esta investigación fueron descriptivos y explicativos. Se realizaron modelaciones en las cuales se reproduce el objeto de estudio mediante una representación de la realidad, así como también los riesgos geológicos de la misma.<br/><br/>Se identificó que la mayor fuente de contaminación en la cuenca del río Cevicos es el cementerio municipal, ubicado aguas arriba del Río Cevicos.<br/><br/>El río Cevicos es necesario para apoyar el habitad de plantas y animales, y proporciona agua potable para las personas y la vida silvestre. La protección de los recursos naturales en la cuenca hidrográfica es esencial para mantener la salud y el bienestar de la comunidad, tanto ahora como en el futuro.<br/><br/>Se propuso la construcción de un nuevo cementerio en el municipio de Cevicos cumpliendo con todo lo establecido en las normativas concernientes para la construcción de campos santos.<br/>
650 ## - SUBJECT ADDED ENTRY--TOPICAL TERM
Topical term or geographic name entry element Modelación de la cuenca hidrografica
700 1# - ADDED ENTRY--PERSONAL NAME
Personal name Rodríguez Peña, Laura María
Relator term sustentante
700 1# - ADDED ENTRY--PERSONAL NAME
Personal name Guzmán Francisco, Sisley Orquidea
Relator term sustentante
700 1# - ADDED ENTRY--PERSONAL NAME
Personal name Frías Hernández, Freddy German
Dates associated with a name sustentante
700 1# - ADDED ENTRY--PERSONAL NAME
Personal name Rodríguez Encarnación, Yenny Altagracia
Dates associated with a name asesor
700 1# - ADDED ENTRY--PERSONAL NAME
Personal name Borromé de Real, Sumara del Carmen
Dates associated with a name asesor
830 ## - SERIES ADDED ENTRY--UNIFORM TITLE
Uniform title Tesis y disertaciones académicas (Universidad Tecnológica del Cibao Oriental)
856 ## - ELECTRONIC LOCATION AND ACCESS
Link text Haga Click Aquí para Descargar en Texto Completo
942 ## - ADDED ENTRY ELEMENTS (KOHA)
Source of classification or shelving scheme Clasificación Local
Koha item type Tesis
Existencias
Withdrawn status Lost status Source of classification or shelving scheme Damaged status Not for loan Collection code Home library Current library Date acquired Inventory number Total Checkouts Full call number Barcode Date last seen Copy number Price effective from Koha item type
    Clasificación Local   Préstamo Interno e-Tesis (en CD) Biblioteca UTECO Biblioteca UTECO 06/30/2022 21762   ING 2020 S15 21762 06/30/2022 Ej.1 06/30/2022 Tesis
© 2021 Derechos Reservados UTECO - Teléfono: +1 809-585-2291 - Correo electrónico: biblioteca@uteco.edu.do​  
Código postal 43000 ​​
Dirección: Avenida Universitaria No. 100, 
Cotuí, Provincia Sánchez Ramírez, República Dominicana - RNC: 404-00059-6